| 000 | 00367nam a22001217a 4500 | ||
|---|---|---|---|
| 082 |
_a891.4396 _bKAM |
||
| 100 |
_aKamal Salar puri _947083 |
||
| 245 |
_aچند تصویر ب٘تاں چند حسینوں کےخطوط _cKamal Salar puri |
||
| 260 |
_aLahore: _bHasnat Academy; _c1992. |
||
| 300 | _a252p. | ||
| 526 |
_a0 _b0 _c0 _d891_439600000000000_KAM |
||
| 942 |
_2ddc _cBK |
||
| 999 |
_c550386 _d550386 |
||